000 00590nam a22002177a 4500
003 OSt
005 20140310182830.0
008 130603t xxu||||| |||| 00| 0 eng d
020 _a8126124474
050 _aLB 1051
_b.V419 2005
082 _21st ed.
_aM 370.153
_bV51 2005
245 _aIntroduction to school psychology
_cVeer, Udai
250 _a1st ed.
260 _aNew Delhi, India :
_bAnmol Publications PVT. LTD,
_cc2005.
300 _a288 p.
_bill. ;
_c21 cm.
521 _aCollege Students
526 _c1210L-1700L
541 _j1
562 _e1
942 _2lcc
_cBK
_kM
999 _c16617
_d16617